000
00292nam a2200121Ia 4500
008
190802s9999 xx 000 0 und d
020
_a
978-1-119-41200-7
100
_a
Sean McManus
245
0
_a
Raspberry Pi for dummies
260
_a
USA
_b
John Wiley
_c
2017
300
_a
484:p
942
_c
BK
999
_c
2223
_d
2223